| 000 | 00693nam a2200205Ia 4500 | ||
|---|---|---|---|
| 003 | IN-BaIIA | ||
| 008 | 211028s9999 xx 000 0 eng d | ||
| 020 | _a0-933485-12-3 | ||
| 040 | _cIIA Library | ||
| 080 |
_a520.68(082.2) _bDAV |
||
| 100 |
_aPhillip, A. G. D _929214 |
||
| 245 | 0 |
_aCCDS in astronomy II _bnew methods and applications of CCD Technology _cA. G. D. Phillip, D. S. Hayes and S. J. Adelman |
|
| 260 |
_aNew York _bL. Davis Press _c1990 |
||
| 300 | _axvii, 302p. | ||
| 650 |
_aAstronomy and astrophysics _92815 |
||
| 650 |
_aCCD _918956 |
||
| 650 |
_aCCD astronomy _916687 |
||
| 650 |
_aCharged coupled devices _929215 |
||
| 942 | _cBK | ||
| 999 |
_c15858 _d15858 |
||